00513nam a2200169Ia 4500003000900000008004100009020001800050040001600068080001500084100001900099245010700118260003400225300001600259650004100275650001700316650001000333IN-BaIIA211028s9999 xx 000 0 eng d a0-7167-1993-2 cIIA Library a524.3bCOL aCollins, G. W. 4aThe fundamentals of stellar astrophysicscG. W. Collins  aNew YorkbW. H. Freemanc1989 axxii, 494p. aAstronomy and astrophysics thesaurus aAstrophysics aStars